All players who played in NaVi in CS2/GO - Statistics

General Stats
  • This quiz has been taken 27 times
  • The average score is 17 of 26
Answer Stats
Country Player maps % Correct
Finland Aleksib 388
100%
Russia electroNic 961
100%
Ukraine s1mple 1191
100%
Romania iM 388
95%
Lithuania jL 300
95%
Ukraine w0nderful 340
95%
Kosovo makazze 88
91%
Ukraine b1t 739
86%
Russia Perfecto 568
86%
Russia flamie 1010
82%
Slovakia GuardiaN 382
82%
Ukraine Zeus 612
82%
Ukraine Edward 724
77%
Ukraine markeloff 0
77%
Ukraine npl 65
64%
Russia seized 390
64%
Ukraine b1ad3 7
59%
Ukraine sdy 78
55%
Ukraine starix 8
55%
Ukraine ceh9 0
32%
Ukraine headtr1ck 8
32%
Ukraine Kane 4
27%
Russia BoombI4 489
14%
Russia tonyblack 0
14%
Russia 1uke 2
0%
Lithuania kalinka 3
0%
No matching quizzes found
Score Distribution
Percent of People with Each Score
Percentile by Number Answered
Your Score History
You have not taken this quiz